| 000 | 00459nam a2200181Ia 4500 | ||
|---|---|---|---|
| 003 | 0STCL | ||
| 008 | 150530s9999 xx 000 0 und d | ||
| 040 |
_aSTCL _cSTCL |
||
| 100 | _aVrt | ||
| 245 |
_aUp-To-Date Worlds Transistor Diodes Thyristors _ ICs Comparison Tables A....Z |
||
| 250 | _a1 | ||
| 260 |
_bBPB Publications; New Delhi _c2003 _aDelhi |
||
| 300 | _a0 | ||
| 546 | _aEnglish | ||
| 942 |
_2ddc _cBK |
||
| 999 |
_c30826 _d30826 |
||
| 005 | 20220125170214.0 | ||